Marvel Comics: Members of Great Lakes Avengers by Picture - Statistics

General Stats
  • This quiz has been taken 40 times
  • The average score is 8 of 13
Answer Stats
Picture Answer % Correct
Deadpool
100%
Hawkeye
100%
Big Bertha
97%
Squirrel Girl
93%
Flatman
80%
Mister Immortal
77%
Doorman
70%
Mockingbird
70%
Dinah Soar
43%
Grasshopper
33%
Gravity
30%
Leather Boy
30%
Good Boy
20%
No matching quizzes found
Score Distribution
Percent of People with Each Score
Percentile by Number Answered
Your Score History
You have not taken this quiz